The empty ocean : plundering the world's marine life /

Bibliographic Details
Main Author: Ellis, Richard, 1938-
Corporate Author: NetLibrary, Inc
Format: eBook
Language:English
Published: Washington, DC : Island Press/Shearwater Books, [2003]
Subjects:
Online Access:Connect to the full text of this electronic book

MARC

Tag First Indicator Second Indicator Subfields
LEADER 00000cam a22000004a 4500
001 in00002117421
005 20190326103843.0
006 m d
007 cr cnu---unuuu
008 050616s2003 dcua sb 000 0 eng d
020 |a 1423707869 (electronic bk.) 
035 |a (OCoLC)ocm60650420 
040 |a N$T  |c N$T  |d UtOrBLW 
049 |a IICN 
050 1 4 |a QL121  |b .E5794 2003eb 
082 0 4 |a 577.7  |b ELL  |2 22 
100 1 |a Ellis, Richard,  |d 1938- 
245 1 4 |a The empty ocean :  |b plundering the world's marine life /  |c written and illustrated by Richard Ellis. 
264 1 |a Washington, DC :  |b Island Press/Shearwater Books,  |c [2003] 
264 4 |c ©2003 
300 |a xiv, 367 pages :  |b illustrations ;  |c 24 cm. 
336 |a text  |b txt  |2 rdacontent 
337 |a computer  |b c  |2 rdamedia 
338 |a online resource  |b cr  |2 rdacarrier 
504 |a Includes bibliographical references (pages 307-350). 
505 0 |a Gray whales in the Atlantic. Emptying the ocean. Decline of the fisheries -- The plight of the sea turtles -- Missing marine birds. Killing the marine mammals. Steller's legacy -- Slaughter of the southern seals -- Lions and elephants -- Seals -- Little cetaceans in peril -- The tuna-porpoise "problem" -- The hunting of whales. Ecology in trouble. What is killing the coral reefs? -- Deepwater corals -- Biological invaders. Is this the end? 
533 |a Electronic reproduction.  |b Boulder, Colo. :  |c NetLibrary,  |d 2005.  |n Available via World Wide Web.  |n Access may be limited to NetLibrary affiliated libraries. 
500 |a Electronic resource. 
650 0 |a Marine animals. 
650 0 |a Endangered species. 
655 7 |a Electronic books.  |2 local 
710 2 |a NetLibrary, Inc. 
776 1 |c Original  |z 1559639741  |z 1559636378  |w (DLC) 2003002077  |w (OCoLC)52149302 
856 4 0 |u http://proxy.library.tamu.edu/login?url=http://www.netLibrary.com/urlapi.asp?action=summary&v=1&bookid=133713  |z Connect to the full text of this electronic book  |t 0 
994 |a 92  |b IIC 
999 |a MARS 
999 f f |s 24fc881a-1a7c-3a82-87f6-181ecd69db76  |i 32df0acd-7c66-3727-8851-b5dce1614af0  |t 0 
952 f f |a Texas A&M University  |b College Station  |c Electronic Resources  |d Available Online  |t 0  |e QL121 .E5794 2003eb  |h Library of Congress classification 
998 f f |a QL121 .E5794 2003eb  |t 0  |l Available Online